Widok standardowy
Widok MARC
Pozycja Corporate Name
Liczba rekordów, w których użyto hasła: 1
001 - Numer kontrolny
- control field: 36462
003 - Identyfikator numeru kontrolnego
- control field: NUKAT
005 - Data i czas ostatniej modyfikacji
- control field: 20260211112218.0
008 - Dane kontrolne kodowane (40 znaków)
- fixed length control field: 230117n||aaznnbabn |a ana |c
010 ## - Numer kontrolny Biblioteki Kongresu
- numer kontrolny LC: sx2022175936
040 ## - Instytucja sporządzająca rekord
- inst. przygot. dane do rek. khw: GD PAN/KG
- język haseł przedmiotowych/tezaurus: kaba
- inst. wprow. rek. khw: GD PAN/KG
110 2# - Hasło - nazwa ciała zbiorowego
- nazwa ciała zbior. lub geogr. na pocz.: Gdańskie Towarzystwo Przyjaciół Sztuki
- określnik formy: czasopisma.